004910000a2200157000450024500520000030000120005250000300006465000270009465000310012165000170015265100190016904100130018810000190020126000340022077300790025410aForewordsnew dimensions in policy and politics ap. 1-12 a14aPolíticas públicas14aAdministración pública14aRegulación 4pEstados Unidos0 aInglés1 aLowi, Theodore aBoulderbWestview Pressc19881 tIn Raymond. Tatalovich and Byron W. Daynes, eds./ Social Regulatory Policy